Commercial auction analysis guide half year 2005 (Record no. 104718)

MARC details
000 -LEADER
fixed length control field 00979cab a2200157 4500
001 - CONTROL NUMBER
control field ##L131344
008 - FIXED-LENGTH DATA ELEMENTS--GENERAL INFORMATION
fixed length control field 050727n2005 000 0 eng u
035 ## - SYSTEM CONTROL NUMBER
System control number (Sirsi) u131344
041 0# - LANGUAGE CODE
Language code of text/sound track or separate title eng
245 00 - TITLE STATEMENT
Title Commercial auction analysis guide half year 2005
260 ## - PUBLICATION, DISTRIBUTION, ETC.
Date of publication, distribution, etc. 2005
520 ## - SUMMARY, ETC.
Summary, etc. Reports that fewer lots have been offered and sold compared to 2004, with business perceived as being hampered by lack of supply. Allsop and Co is the top auction firm followed by Jones Lang LaSalle. Only Cottons sold all of it's lots. Report includes: number and value of lots sold by type; commercial lots for 2004 and 2005 sold by auctioneer; disclosed value of lots sold by the top 20 auctioneers; and average value of lots by region.
690 ## - LOCAL SUBJECT ADDED ENTRY--TOPICAL TERM (OCLC, RLIN)
Topical term or geographic name as entry element PROPERTY-COMMERCIAL PROPERTY-AUCTIONEERING COMMERCIAL PROPERTY
856 48 - ELECTRONIC LOCATION AND ACCESS
Uniform Resource Identifier <a href="https://www.focusnet.co.uk/public/documents/Auction%20Report%20Half%20Year%202005.pdf">https://www.focusnet.co.uk/public/documents/Auction%20Report%20Half%20Year%202005.pdf</a>
Public note View the item free of charge at www.focusnet.co.uk...
942 ## - ADDED ENTRY ELEMENTS (KOHA)
Suppress in OPAC 0
Holdings
Withdrawn status Lost status Source of classification or shelving scheme Damaged status Not for loan Home library Current library Shelving location Date acquired Total Checkouts Full call number Barcode Date last seen Copy number Price effective from Koha item type
    Dewey Decimal Classification     Virtual Virtual Online 21/10/2005   ONLINE PUBLICATION 131344-2001 06/08/2019 1 06/08/2019 Book